| 000 | 00978nac a22002897a 4500 | ||
|---|---|---|---|
| 001 | BR0101318 | ||
| 003 | BR-BrBNA | ||
| 005 | 20240105122526.0 | ||
| 008 | 230509b bl.|||m| |||| 00| 0 por d | ||
| 040 |
_aBR-BrBNA _bpor _cBiblioteca Nacional de Agricultura |
||
| 072 | _aE71 | ||
| 090 | _aE71 BR0101318 | ||
| 100 | 1 | _aOliveira Junior, M. de | |
| 110 | 1 | _aInstituto de Pesquisa Economica Aplicada, Brasilia, DF (Brasil) | |
| 245 | 1 | _aUma analise da liberacao do comercio internacional de servicos no MERCOSUL | |
| 260 | 3 |
_aBrasilia, DF (Brasil): _c2000. |
|
| 300 | _a38 p. | ||
| 490 |
_aTexto para Discussao - Instituto de Pesquisa Economica Aplicada (Brazil) _vno. 727 _xISSN 1415-4765 |
||
| 500 | _aSummaries (En, Pt); 21 ref.; 6 tables | ||
| 650 | _aComercio Exterior | ||
| 650 | _aBALANÇA COMERCIAL | ||
| 650 | _aMercado Internacional | ||
| 650 | _aMERCOSUL | ||
| 650 | _aGATT | ||
| 909 |
_a202312 _bLúcia Elande _c55 _dLúcia Elande |
||
| 942 |
_2AGRIS _n0 _cMS |
||
| 999 |
_c291483 _d291483 |
||